[Event "XVII OOM Podlaskie - Chlopcy"]
[Site "Suwalki"]
[Date "2011.04.18"]
[Round "6.23"]
[White "Buraczewski, Rafal"]
[Black "Mazur, Bartlomiej"]
[Result "1-0"]
[WhiteElo "1631"]
[BlackElo "1603"]
[PlyCount "121"]
[EventDate "2011.??.??"]

1. d4 d5 2. c4 e6 3. Nc3 Nf6 4. Nf3 Nbd7 5. Bg5 c6 6. e3 Qa5 7. Bxf6 Nxf6 8.
Bd3 Bb4 9. Qb3 dxc4 10. Bxc4 Ne4 11. Rc1 Nd6 12. Bd3 f6 13. O-O Bxc3 14. Rxc3
Qd5 15. Qb4 Ne4 16. Bxe4 Qxe4 17. Nd2 Qg6 18. Nc4 Rb8 19. Qc5 Ra8 20. Rb3 Qg5
21. Nd6+ Kd7 22. Qxg5 fxg5 23. Nxb7 Rb8 24. Nc5+ Kc7 25. Rxb8 Kxb8 26. Rc1 Kc7
27. Nd3 Bd7 28. Ne5 Rb8 29. b3 h6 30. Rc5 Be8 31. f3 Kd6 32. Ra5 Rb7 33. Ra6
Rc7 34. Kf2 Ke7 35. Ke2 c5 36. Kd2 cxd4 37. exd4 Kf6 38. Nc4 Ke7 39. Ne3 Kf7
40. Nc4 Ke7 41. a4 Bg6 42. Kc3 Be8 43. b4 Bf7 44. Ra5 Be8 45. b5 Rb7 46. Kb4
Kd7 47. Ra6 Rc7 48. a5 Ke7 49. b6 axb6 50. axb6 Rc8 51. Ra7+ Bd7 52. Ne5 Rd8
53. Nc6+ Ke8 54. Nxd8 Kxd8 55. b7 Kc7 56. b8=Q+ Kxb8 57. Rxd7 g6 58. Kc5 Kc8
59. Re7 Kd8 60. Kd6 Kc8 61. Kxe6 1-0

[Event "XVII OOM Podlaskie - Chlopcy"]
[Site "Suwalki"]
[Date "2011.04.18"]
[Round "7.11"]
[White "Sliwicki, Damian"]
[Black "Lebiedowicz, Borys"]
[Result "1-0"]
[WhiteElo "1864"]
[BlackElo "1689"]
[PlyCount "53"]
[EventDate "2011.??.??"]

1. e4 e5 2. Nf3 Nc6 3. Bc4 Nf6 4. d4 exd4 5. e5 d5 6. Bb5 Ne4 7. Nxd4 Bd7 8.
Bxc6 bxc6 9. O-O Be7 10. f3 Nc5 11. Be3 O-O 12. c4 Nb7 13. cxd5 cxd5 14. Qb3
Qc8 15. Qxd5 c6 16. Qc4 Qc7 17. f4 a6 18. Nc3 Nc5 19. Rae1 Kh8 20. f5 Be8 21.
f6 gxf6 22. exf6 Bd6 23. Bh6 Qd7 24. Nf5 Rg8 25. Bg7+ Rxg7 26. fxg7+ Kg8 27.
Qg4 1-0

[Event "XVII OOM Podlaskie - Chlopcy"]
[Site "Suwalki"]
[Date "2011.??.??"]
[Round "7.12"]
[White "Szymanowicz, Maksymilian"]
[Black "Zebracki, Tomasz"]
[Result "1/2-1/2"]
[WhiteElo "1596"]
[BlackElo "1798"]
[PlyCount "107"]
[EventDate "2011.??.??"]

1. d4 d5 2. Bf4 e6 3. e3 c5 4. c3 Nc6 5. Bd3 Nf6 6. Nd2 Bd7 7. Ngf3 cxd4 8.
Nxd4 Nxd4 9. exd4 Qb6 10. Rb1 Bd6 11. Bxd6 Qxd6 12. O-O O-O 13. Nf3 Bc6 14. Re1
Nd7 15. Qc2 h6 16. Qe2 a6 17. Ne5 Nxe5 18. Qxe5 Qxe5 19. Rxe5 b5 20. f4 Bd7 21.
Rf1 a5 22. f5 b4 23. fxe6 fxe6 24. Rxf8+ Rxf8 25. c4 dxc4 26. Bxc4 Rf4 27. Rxa5
Rxd4 28. b3 Kf8 29. h3 Rd2 30. Bb5 Ke7 31. Bxd7 Kxd7 32. Ra7+ Kc6 33. Rxg7 Rxa2
34. Rg6 Kd5 35. Rg4 Kc5 36. Rc4+ Kb5 37. Re4 Rb2 38. Re5+ Kc6 39. Rxe6+ Kc5 40.
Rxh6 Rxb3 41. Rh8 Rd3 42. Rc8+ Kd4 43. Rb8 b3 44. Kh2 Kc3 45. h4 Rd4 46. Kh3 b2
47. Rxb2 Kxb2 48. h5 Kc3 49. g4 Rd8 50. Kh4 Kd4 51. Kg5 Ke5 52. Kg6 Rg8+ 53.
Kh7 Rxg4 54. h6 1/2-1/2

[Event "XVII OOM Podlaskie - Chlopcy"]
[Site "Suwalki"]
[Date "2011.??.??"]
[Round "7.14"]
[White "Mucha, Piotr"]
[Black "Czerw, Dawid"]
[Result "1-0"]
[WhiteElo "1707"]
[BlackElo "1761"]
[PlyCount "61"]
[EventDate "2011.??.??"]

1. d4 f5 2. e4 fxe4 3. Nc3 Nf6 4. Bg5 Nc6 5. f3 exf3 6. Nxf3 d6 7. d5 Ne5 8.
Nxe5 dxe5 9. Bd3 Bg4 10. Qd2 Qd7 11. O-O g6 12. Bxf6 exf6 13. Rxf6 Bc5+ 14. Kh1
O-O-O 15. Raf1 Rhf8 16. Rxf8 Bxf8 17. Qg5 Bg7 18. Ne4 Bf5 19. c4 Bxe4 20. Bxe4
Qa4 21. Bf3 Re8 22. Qg4+ Kb8 23. Bd1 Qxa2 24. Qd7 Rg8 25. Qxg7 Rc8 26. Rf8 Qxc4
27. Rxc8+ Kxc8 28. Qh8+ Kd7 29. Qxh7+ Kd8 30. Qg8+ Ke7 31. d6+ 1-0

[Event "XVII OOM Podlaskie - Chlopcy"]
[Site "Suwalki"]
[Date "2011.??.??"]
[Round "7.15"]
[White "Czajkowski, Adam"]
[Black "Karpacz, Piotr"]
[Result "0-1"]
[WhiteElo "1802"]
[BlackElo "1747"]
[PlyCount "62"]
[EventDate "2011.??.??"]

1. e4 c5 2. Nf3 e6 3. d4 cxd4 4. Nxd4 a6 5. Bd3 Ne7 6. Nb3 Nbc6 7. Nc3 g6 8.
O-O Bg7 9. f4 d6 10. Kh1 O-O 11. Bd2 Qc7 12. Qe2 b5 13. Nd1 Bb7 14. Bc3 Bxc3
15. Nxc3 Nb4 16. Rad1 Nxd3 17. Rxd3 Qc6 18. f5 exf5 19. Nd4 Qd7 20. exf5 Nxf5
21. Nxf5 gxf5 22. Qd2 Qe7 23. Rxf5 Rae8 24. Rf1 Kh8 25. Rxd6 Rg8 26. Rd5 b4 27.
Nd1 Bxd5 28. Qxd5 Qe2 29. Qd4+ Rg7 30. Qg1 Qxc2 31. Ne3 Rxe3 0-1

[Event "XVII OOM Podlaskie - Chlopcy"]
[Site "Suwalki"]
[Date "2011.04.18"]
[Round "7.16"]
[White "Tomaszewski, Kacper"]
[Black "Krawiecki, Stanislaw"]
[Result "1-0"]
[WhiteElo "1775"]
[BlackElo "1520"]
[PlyCount "27"]
[EventDate "2011.??.??"]

1. d4 Nf6 2. c4 e5 3. dxe5 Ng4 4. e4 Nxe5 5. f4 Ng6 6. Be3 Bb4+ 7. Nc3 O-O 8.
Nf3 Re8 9. Bd3 f5 10. c5 d5 11. cxd6 Qxd6 12. e5 Qc6 13. Qb3+ Be6 14. Qxb4 1-0

[Event "XVII OOM Podlaskie - Chlopcy"]
[Site "Suwalki"]
[Date "2011.04.18"]
[Round "7.17"]
[White "Smieszek, Wojciech"]
[Black "Lewtak, Dominik"]
[Result "1-0"]
[WhiteElo "1741"]
[BlackElo "1750"]
[PlyCount "83"]
[EventDate "2011.??.??"]

1. e4 c5 2. Nf3 Nf6 3. e5 Nd5 4. Nc3 e6 5. Nxd5 exd5 6. c3 d6 7. Bb5+ Bd7 8.
Bxd7+ Nxd7 9. d4 dxe5 10. dxe5 Nb6 11. O-O Be7 12. Ne1 Qd7 13. f4 f6 14. Qe2
fxe5 15. fxe5 Qe6 16. Nd3 Nd7 17. Nf4 Qxe5 18. Qxe5 Nxe5 19. Nxd5 Bd6 20. Bg5
Kd7 21. Ne3 Rhf8 22. Nf5 g6 23. Nxd6 Kxd6 24. Bf4 Rae8 25. Rae1 Kd5 26. Bxe5
Rxf1+ 27. Rxf1 Rxe5 28. Rf7 Kc6 29. Rxh7 Re2 30. Rh6 Rxb2 31. Rxg6+ Kb5 32. Rg7
Kb6 33. h4 Rxa2 34. h5 Rd2 35. h6 Rd8 36. h7 Rh8 37. g4 a5 38. g5 a4 39. g6 a3
40. Rf7 a2 41. Rf1 Rf8 42. Ra1 1-0

[Event "XVII OOM Podlaskie - Chlopcy"]
[Site "Suwalki"]
[Date "2011.??.??"]
[Round "7.18"]
[White "Chmielarz, Maciej"]
[Black "Osinski, Emil"]
[Result "1/2-1/2"]
[WhiteElo "1823"]
[BlackElo "1672"]
[PlyCount "113"]
[EventDate "2011.??.??"]

1. d4 d5 2. c4 e6 3. Nc3 Nf6 4. Bg5 Be7 5. e3 O-O 6. Nf3 h6 7. Bh4 b6 8. cxd5
Nxd5 9. Bxe7 Qxe7 10. Nxd5 exd5 11. Bd3 Bb7 12. O-O c5 13. dxc5 bxc5 14. Rc1
Nd7 15. Qe2 Nf6 16. Rfd1 Rfd8 17. Nd2 Rab8 18. Bb1 Rbc8 19. Bf5 Rc7 20. Nb3 g6
21. Bb1 Rdc8 22. Qd2 Ng4 23. h3 Ne5 24. Qe1 Qh4 25. Qe2 Qf6 26. Rc3 Qb6 27. Re1
Ba6 28. Qd2 Bb7 29. f4 Nc4 30. Qf2 Nd6 31. f5 Ne4 32. Bxe4 dxe4 33. fxg6 fxg6
34. Qc2 c4 35. Nd4 Rf7 36. Rxc4 Rcf8 37. b3 Qd6 38. Rc7 Qg3 39. Rxf7 Qxe3+ 40.
Kh1 Rxf7 41. Qc4 Qd3 42. Qxd3 exd3 43. Rd1 Rf2 44. Rxd3 Rxg2 45. Nf3 Bxf3 46.
Rxf3 Rxa2 47. Rc3 Kg7 48. Rc6 Ra3 49. Rc3 Kf6 50. Kg2 a5 51. Rc6+ Kf5 52. Ra6
h5 53. Rb6 Kg5 54. b4 a4 55. Ra6 Ra2+ 56. Kg3 Ra3+ 57. Kg2 1/2-1/2

[Event "XVII OOM Podlaskie - Chlopcy"]
[Site "Suwalki"]
[Date "2011.??.??"]
[Round "7.19"]
[White "Molenda, Marcin"]
[Black "Szymanowski, Mateusz"]
[Result "1-0"]
[WhiteElo "1614"]
[BlackElo "1743"]
[PlyCount "73"]
[EventDate "2011.??.??"]

1. e4 c5 2. c3 d5 3. exd5 Qxd5 4. d4 Nc6 5. Nf3 Bg4 6. Be2 e6 7. Be3 cxd4 8.
cxd4 Nf6 9. Nc3 Qa5 10. Qb3 Qc7 11. O-O Be7 12. h3 Bh5 13. Rac1 O-O 14. d5 exd5
15. Nxd5 Nxd5 16. Qxd5 Bg6 17. Nd4 Rfd8 18. Qc4 Be4 19. Ne6 fxe6 20. Qxe6+ Kh8
21. Qxe4 Bf6 22. Bd3 g6 23. Rc2 Qg7 24. b3 Re8 25. Qa4 Nd4 26. Bxd4 Bxd4 27.
Bb5 Rf8 28. Be2 Rad8 29. Bf3 b6 30. Rfc1 Qe5 31. Re2 Qg5 32. Rd1 b5 33. Qb4 Rf4
34. Kh2 Qf6 35. Qe7 Rxf3 36. gxf3 Qf4+ 37. Kg2 1-0

[Event "XVII OOM Podlaskie - Chlopcy"]
[Site "Suwalki"]
[Date "2011.??.??"]
[Round "7.20"]
[White "Nun, Grzegorz"]
[Black "Beczala, Pawel"]
[Result "0-1"]
[WhiteElo "1705"]
[BlackElo "1693"]
[PlyCount "120"]
[EventDate "2011.??.??"]

1. e4 e6 2. d4 d5 3. e5 c5 4. c3 Nc6 5. Nf3 Qb6 6. Be2 Bd7 7. O-O Nge7 8. Na3
Ng6 9. Nc2 c4 10. Rb1 Qc7 11. Be3 Be7 12. h3 O-O 13. Nh2 f6 14. f4 fxe5 15.
fxe5 Rxf1+ 16. Bxf1 Rf8 17. Qg4 Nh4 18. Bf2 Nf5 19. Ne3 Be8 20. Qe2 Bg6 21. Ra1
Bg5 22. Nxf5 Bxf5 23. h4 Bd8 24. g4 Bg6 25. Bg2 Qf7 26. Bg3 Bd3 27. Qd2 b5 28.
b4 Bb6 29. Kh1 a5 30. a3 Ra8 31. Ra2 Qa7 32. bxa5 Bxa5 33. Qc1 Bb6 34. Nf3 b4
35. Ng5 Re8 36. Rf2 bxc3 37. Rf7 Re7 38. Rxe7 Qxe7 39. Qxc3 Bxd4 40. Qd2 h6 41.
Nf3 Qxa3 42. g5 Qa1+ 43. Kh2 Nxe5 44. Nxd4 Qxd4 45. Qf4 Qxf4 46. Bxf4 Ng6 47.
Bc1 Nxh4 48. gxh6 Nxg2 49. Kxg2 gxh6 50. Bxh6 Kf7 51. Kf3 e5 52. Ke3 d4+ 53.
Kd2 Ke6 54. Kd1 Kd5 55. Bd2 c3 56. Bc1 e4 57. Ke1 Bb5 58. Kd1 e3 59. Ke1 Ke4
60. Kd1 d3 0-1

[Event "XVII OOM Podlaskie - Chlopcy"]
[Site "Suwalki"]
[Date "2011.04.18"]
[Round "7.21"]
[White "Chomczyk, Marek"]
[Black "Buraczewski, Rafal"]
[Result "1-0"]
[WhiteElo "1696"]
[BlackElo "1631"]
[PlyCount "81"]
[EventDate "2011.??.??"]

1. e4 e6 2. d4 d5 3. Nc3 dxe4 4. Nxe4 Bd7 5. Nf3 Bc6 6. Bd3 Bxe4 7. Bxe4 c6 8.
Bf4 Nf6 9. Bd3 Bd6 10. Bxd6 Qxd6 11. c3 Nbd7 12. O-O O-O 13. Re1 Rfd8 14. Qb3
Qc7 15. Ng5 Nc5 16. dxc5 Rxd3 17. Rad1 Rad8 18. g3 Rxd1 19. Rxd1 Rxd1+ 20. Qxd1
Qd7 21. Qxd7 Nxd7 22. b4 Nf6 23. c4 h6 24. Nf3 Ne4 25. Nd4 a6 26. a4 a5 27. f3
Nc3 28. bxa5 Nxa4 29. Nxc6 Nxc5 30. Nd8 Nd7 31. Nxb7 Ne5 32. Nd6 Nd7 33. a6 Nb6
34. c5 Na8 35. Nc4 Kf8 36. Nb6 Nc7 37. a7 Ke8 38. a8=Q+ Nxa8 39. Nxa8 Kd7 40.
Nb6+ Kc6 41. Na4 1-0

[Event "XVII OOM Podlaskie - Chlopcy"]
[Site "Suwalki"]
[Date "2011.04.18"]
[Round "7.22"]
[White "Maciejewski, Mikolaj"]
[Black "Gluszak, Pawel"]
[Result "1-0"]
[WhiteElo "1622"]
[BlackElo "1528"]
[PlyCount "35"]
[EventDate "2011.??.??"]

1. e4 c5 2. Nf3 e6 3. d4 cxd4 4. Nxd4 a6 5. Nc3 Qc7 6. a3 Nf6 7. Be2 d6 8. Be3
Be7 9. O-O O-O 10. f4 Nbd7 11. g4 b5 12. g5 Ne8 13. f5 e5 14. Nd5 Qb7 15. Nxe7+
Kh8 16. Nb3 Nb6 17. Nxc8 Rxc8 18. Bd3 1-0

[Event "XVII OOM Podlaskie - Chlopcy"]
[Site "Suwalki"]
[Date "2011.04.18"]
[Round "7.23"]
[White "Mazur, Bartlomiej"]
[Black "Mrozowski, Patryk"]
[Result "1-0"]
[WhiteElo "1603"]
[BlackElo "1676"]
[PlyCount "55"]
[EventDate "2011.??.??"]

1. g3 c5 2. Bg2 e6 3. d3 d5 4. Nd2 Nf6 5. e4 Nc6 6. Ne2 Bd6 7. O-O Bc7 8. f4
dxe4 9. Nxe4 Nxe4 10. Bxe4 Nd4 11. Be3 Bb6 12. c3 Nxe2+ 13. Qxe2 f5 14. Bg2 O-O
15. Rad1 Qc7 16. d4 cxd4 17. Bxd4 Bxd4+ 18. Rxd4 Re8 19. Rfd1 Rb8 20. h3 b6 21.
Rd6 Qe7 22. Bc6 Rf8 23. Kh2 h6 24. R1d2 Kh7 25. a3 Qf6 26. Qd1 Bb7 27. Bd7 Bd5
28. R2xd5 1-0

[Event "XVII OOM Podlaskie - Chlopcy"]
[Site "Suwalki"]
[Date "2011.04.18"]
[Round "7.13"]
[White "Fronczak, Sebastian"]
[Black "Kowalczyk, Mariusz"]
[Result "1/2-1/2"]
[WhiteElo "1712"]
[BlackElo "1765"]
[PlyCount "62"]
[EventDate "2011.??.??"]

1. e4 Nf6 2. Nc3 d5 3. e5 d4 4. exf6 dxc3 5. bxc3 exf6 6. Bc4 Bd6 7. Qe2+ Qe7
8. Qxe7+ Kxe7 9. Ne2 Re8 10. O-O Be6 11. Bb3 Kf8 12. Nd4 c6 13. Bb2 Nd7 14.
Rfe1 Bxb3 15. axb3 g6 16. Nf3 Rxe1+ 17. Rxe1 g5 18. Ra1 Ke7 19. Kf1 Kd8 20. c4
Kc7 21. d4 b6 22. Bc3 Kb7 23. Nd2 Re8 24. Re1 Rxe1+ 25. Kxe1 f5 26. Nf3 h6 27.
c5 bxc5 28. Ba5 cxd4 29. Nxd4 Nf6 30. Bd2 h5 31. Nf3 Ne4 1/2-1/2

[Event "XVII OOM Podlaskie - Chlopcy"]
[Site "Suwalki"]
[Date "2011.??.??"]
[Round "8.11"]
[White "Tomaszewski, Kacper"]
[Black "Kosmala, Mateusz"]
[Result "0-1"]
[WhiteElo "1775"]
[BlackElo "1719"]
[PlyCount "112"]
[EventDate "2011.??.??"]

1. d4 Nf6 2. c4 g6 3. Nc3 Bg7 4. e4 d6 5. Nf3 O-O 6. Be2 e5 7. O-O Nc6 8. d5
Ne7 9. b4 Nh5 10. Re1 h6 11. a4 f5 12. Bd3 f4 13. c5 g5 14. Nd2 g4 15. Nc4 Ng6
16. cxd6 Qh4 17. g3 fxg3 18. fxg3 Nxg3 19. Re3 Nh5 20. Qe1 Qg5 21. dxc7 Nhf4
22. Bf1 Nh4 23. Kh1 Nf3 24. Qf2 Nd4 25. Rb1 Qh5 26. Ba3 Nh3 27. Qg2 Nf2+ 28.
Kg1 Nf3+ 29. Kxf2 Nh4+ 30. Kg1 Nxg2 31. Bxg2 Qf7 32. Rf1 Qxc7 33. Rxf8+ Bxf8
34. Bf1 Bd7 35. d6 Qd8 36. b5 Be6 37. Nd5 Rc8 38. Ne7+ Bxe7 39. dxe7 Qd4 40.
Bb2 Qd7 41. e8=Q+ Rxe8 42. Nxe5 Qd2 43. Re2 Qd1 44. Rf2 Qb3 45. Nd3 Rf8 46. Rd2
Rxf1+ 47. Kxf1 Bc4 48. Ke2 Bxd3+ 49. Rxd3 Qxb2+ 50. Ke3 Qxh2 51. Rd8+ Kg7 52.
Rd7+ Kg6 53. Rxb7 g3 54. Rb8 Qf2+ 55. Kd3 g2 56. Rg8+ Kf7 0-1

[Event "XVII OOM Podlaskie - Chlopcy"]
[Site "Suwalki"]
[Date "2011.04.19"]
[Round "8.12"]
[White "Kowalczyk, Mariusz"]
[Black "Kowalski, Maciej"]
[Result "1-0"]
[WhiteElo "1765"]
[BlackElo "1704"]
[PlyCount "91"]
[EventDate "2011.??.??"]

1. e4 d5 2. exd5 Nf6 3. Nf3 Nxd5 4. d4 g6 5. c4 Nb6 6. a4 a5 7. c5 Nd5 8. Bc4
Bg7 9. Nc3 c6 10. Qb3 O-O 11. O-O Na6 12. Nxd5 cxd5 13. Bxd5 Nb4 14. Bc4 Bf5
15. Be3 e6 16. Rac1 Qc7 17. h3 Rfe8 18. Nd2 h5 19. Nb1 Bxb1 20. Rxb1 Rad8 21.
Rbd1 Nd5 22. Bg5 Nf6 23. Bb5 Re7 24. Qf3 Rd5 25. Bf4 Qd8 26. Bd6 Rxd6 27. cxd6
Qxd6 28. Bc4 Rc7 29. b3 Rd7 30. Rd3 Qb6 31. d5 Nxd5 32. Bxd5 Rxd5 33. Rxd5 exd5
34. Qxd5 Bd4 35. Qf3 Qc7 36. Rd1 Bg7 37. Qd3 Kh7 38. g3 h4 39. gxh4 Qf4 40. Qg3
Qf5 41. Kg2 Qc2 42. Qf3 Qc7 43. h5 b6 44. Rd5 Qb7 45. hxg6+ fxg6 46. Rh5+ 1-0

[Event "XVII OOM Podlaskie - Chlopcy"]
[Site "Suwalki"]
[Date "2011.??.??"]
[Round "8.13"]
[White "Karpacz, Piotr"]
[Black "Fronczak, Sebastian"]
[Result "1-0"]
[WhiteElo "1747"]
[BlackElo "1712"]
[PlyCount "73"]
[EventDate "2011.??.??"]

1. d4 c5 2. d5 e6 3. c4 exd5 4. cxd5 d6 5. Nc3 Nf6 6. e4 g6 7. f3 Bg7 8. Bg5
Nbd7 9. Nh3 O-O 10. Be2 a6 11. a4 Rb8 12. O-O Qc7 13. Qd2 c4 14. Nf2 b5 15.
axb5 axb5 16. b4 cxb3 17. Nxb5 Qc2 18. Qxc2 bxc2 19. Ra2 Ne5 20. Rxc2 Ba6 21.
Nd4 Bxe2 22. Nxe2 h6 23. Be3 Rb3 24. Bd4 Nfd7 25. Rd1 h5 26. f4 Ng4 27. Nxg4
hxg4 28. Bxg7 Kxg7 29. Rc7 Nf6 30. Nd4 Re3 31. Ne6+ Kg8 32. Nxf8 Kxf8 33. e5
Ne4 34. Ra1 Rd3 35. e6 Kg7 36. Rxf7+ Kh6 37. e7 1-0

[Event "XVII OOM Podlaskie - Chlopcy"]
[Site "Suwalki"]
[Date "2011.??.??"]
[Round "8.14"]
[White "Szymanowicz, Maksymilian"]
[Black "Smieszek, Wojciech"]
[Result "1-0"]
[WhiteElo "1596"]
[BlackElo "1741"]
[PlyCount "81"]
[EventDate "2011.??.??"]

1. d4 Nf6 2. c4 g6 3. Nc3 Bg7 4. e4 d6 5. Nf3 O-O 6. Be2 e5 7. d5 a5 8. Bg5 h6
9. Bh4 Na6 10. Nd2 Qe8 11. a3 Bd7 12. b3 Nh7 13. Rb1 Nc5 14. O-O h5 15. f3 Bh6
16. Bf2 f5 17. b4 axb4 18. axb4 Na4 19. Qc2 Qe7 20. Ra1 Nxc3 21. Qxc3 f4 22. c5
g5 23. c6 bxc6 24. dxc6 Be6 25. Bc4 Kg7 26. b5 g4 27. Bxe6 Qxe6 28. Rxa8 Rxa8
29. Ra1 Rc8 30. Ra7 Kh8 31. Qa5 gxf3 32. Nxf3 Qg4 33. h3 Qg7 34. Ra8 Rg8 35.
Rxg8+ Kxg8 36. b6 cxb6 37. Qxb6 Ng5 38. Nxg5 Qxg5 39. c7 f3 40. c8=Q+ Bf8 41.
Qb3+ 1-0

[Event "XVII OOM Podlaskie - Chlopcy"]
[Site "Suwalki"]
[Date "2011.??.??"]
[Round "8.15"]
[White "Czerw, Dawid"]
[Black "Molenda, Marcin"]
[Result "1-0"]
[WhiteElo "1761"]
[BlackElo "1614"]
[PlyCount "117"]
[EventDate "2011.??.??"]

1. d4 d5 2. c4 e6 3. Nc3 c6 4. Nf3 Nf6 5. Bg5 dxc4 6. e4 b5 7. e5 h6 8. Bh4 g5
9. Nxg5 hxg5 10. Bxg5 Nbd7 11. Qf3 Qb6 12. Bxf6 Nxf6 13. Qxf6 Rh6 14. Qf4 Bb7
15. Be2 Rh7 16. O-O O-O-O 17. Rad1 Be7 18. Ne4 Rdh8 19. h3 Rg8 20. Bf3 Rhg7 21.
Kh2 Qd8 22. a4 Bg5 23. Nxg5 Rxg5 24. axb5 Rf5 25. Qe3 Rxf3 26. Qxf3 cxb5 27.
Qe3 Rg7 28. f3 Qh4 29. Qf2 Qf4+ 30. g3 Qf5 31. Qe3 Rh7 32. g4 Qg6 33. Rf2 Rh8
34. Qf4 Qh7 35. Qg3 Kc7 36. f4 Qe4 37. f5 Kb6 38. Qa3 Bc6 39. Qc5+ Kb7 40. fxe6
Rxh3+ 41. Kxh3 Qe3+ 42. Kh4 Qxf2+ 43. Kh5 fxe6 44. Qe7+ Kb6 45. Qxe6 Qf3 46.
Rd2 Qh3+ 47. Kg6 Qe3 48. d5 Qxd2 49. Qxc6+ Ka5 50. Qc7+ Kb4 51. Qd6+ Kb3 52.
Qa3+ Kc2 53. Qc3+ Qxc3 54. bxc3 a5 55. e6 a4 56. e7 a3 57. e8=Q a2 58. Qe7 Kb3
59. Qe1 1-0

[Event "XVII OOM Podlaskie - Chlopcy"]
[Site "Suwalki"]
[Date "2011.??.??"]
[Round "8.16"]
[White "Ogonowski, Jakub"]
[Black "Chomczyk, Marek"]
[Result "1-0"]
[WhiteElo "1690"]
[BlackElo "1696"]
[PlyCount "85"]
[EventDate "2011.??.??"]

1. e4 e5 2. f4 Bc5 3. Nf3 d6 4. c3 Bg4 5. fxe5 dxe5 6. Qa4+ Bd7 7. Qc2 Nc6 8.
b4 Bd6 9. Bc4 Nf6 10. d3 O-O 11. O-O Qe7 12. Bg5 h6 13. Bh4 b5 14. Bxf6 Qxf6
15. Bxb5 Qg6 16. Bc4 Rae8 17. Kh1 Nd8 18. Nbd2 Ne6 19. g3 Kh7 20. d4 exd4 21.
Bd3 Qh5 22. e5+ Kg8 23. exd6 Bc6 24. Kg1 Qg4 25. Ne5 Ng5 26. Nxc6 Re3 27. Nc4
Rxg3+ 28. hxg3 Qxg3+ 29. Qg2 Qxd3 30. N4e5 Qe3+ 31. Kh1 cxd6 32. Ne7+ Kh7 33.
Nxf7 Qxe7 34. Nxg5+ hxg5 35. Rxf8 Qxf8 36. Rf1 Qc8 37. Rf2 dxc3 38. Qe4+ g6 39.
Rf7+ Kh6 40. Qg2 g4 41. Qh2+ Kg5 42. Qf4+ Kh5 43. Rh7# 1-0

[Event "XVII OOM Podlaskie - Chlopcy"]
[Site "Suwalki"]
[Date "2011.04.19"]
[Round "8.17"]
[White "Beczala, Pawel"]
[Black "Lebiedowicz, Borys"]
[Result "1-0"]
[WhiteElo "1693"]
[BlackElo "1689"]
[PlyCount "53"]
[EventDate "2011.??.??"]

1. e4 e5 2. Nf3 Nc6 3. Bc4 Nf6 4. O-O Bc5 5. d4 exd4 6. e5 d5 7. exf6 dxc4 8.
Re1+ Be6 9. Ng5 Qd5 10. Nc3 Qf5 11. Nce4 O-O-O 12. g4 Qd5 13. fxg7 Rhg8 14. Nf6
Qd6 15. Nge4 Qe5 16. f4 d3+ 17. Kg2 dxc2 18. Qxd8+ Kxd8 19. fxe5 Rxg7 20. Nxc5
Bxg4 21. Nxg4 Rxg4+ 22. Kf3 Rd4 23. Be3 Nxe5+ 24. Kf2 Ng4+ 25. Kg3 Nxe3 26.
Rxe3 Rd1 27. Re1 1-0

[Event "XVII OOM Podlaskie - Chlopcy"]
[Site "Suwalki"]
[Date "2011.??.??"]
[Round "8.18"]
[White "Krawiecki, Stanislaw"]
[Black "Chmielarz, Maciej"]
[Result "1/2-1/2"]
[WhiteElo "1520"]
[BlackElo "1823"]
[PlyCount "71"]
[EventDate "2011.??.??"]

1. e4 c6 2. d4 d5 3. Nc3 dxe4 4. Nxe4 Bf5 5. Ng3 Bg6 6. N1e2 h6 7. Nf4 Bh7 8.
Bc4 Nf6 9. O-O e6 10. Re1 Bd6 11. Bxe6 O-O 12. Bb3 Qc7 13. Qf3 a5 14. c3 a4 15.
Bc4 Nbd7 16. Bd2 Qb6 17. b3 axb3 18. axb3 Rfe8 19. Nfh5 Rxa1 20. Rxa1 Bxg3 21.
Nxg3 Qd8 22. Bd3 Bxd3 23. Qxd3 Nc5 24. Qc2 Nce4 25. Nxe4 Nxe4 26. Re1 Nxd2 27.
Qxd2 Rxe1+ 28. Qxe1 Qd5 29. Qb1 Qa5 30. Qb2 Qh5 31. f3 Qg5 32. g3 Qe3+ 33. Kg2
g5 34. g4 Qd3 35. h3 Kg7 36. c4 1/2-1/2

[Event "XVII OOM Podlaskie - Chlopcy"]
[Site "Suwalki"]
[Date "2011.??.??"]
[Round "8.19"]
[White "Maciejewski, Mikolaj"]
[Black "Czajkowski, Adam"]
[Result "1/2-1/2"]
[WhiteElo "1622"]
[BlackElo "1802"]
[PlyCount "80"]
[EventDate "2011.??.??"]

1. e4 c5 2. Nf3 e6 3. d4 cxd4 4. Nxd4 a6 5. a3 Nf6 6. Nc3 Qc7 7. Be2 b5 8. O-O
Bb7 9. Bf3 d6 10. Be3 Nbd7 11. Nb3 Ne5 12. Re1 Nxf3+ 13. Qxf3 d5 14. exd5 Nxd5
15. Nxd5 Bxd5 16. Bf4 Bxf3 17. Bxc7 Rc8 18. gxf3 Rxc7 19. c3 Bd6 20. Rad1 Ke7
21. Nd4 g6 22. h3 Rhc8 23. Re4 Rd7 24. f4 Rc5 25. Ne2 Bc7 26. Red4 Rxd4 27.
Rxd4 Bb6 28. Rd3 Bc7 29. Kg2 Rf5 30. Rf3 Rd5 31. Nd4 Bb6 32. Rd3 Bxd4 33. cxd4
Kd6 34. Kf3 Kc6 35. Rc3+ Kb6 36. Ke4 a5 37. b4 axb4 38. axb4 Rh5 39. Rc8 Rxh3
40. Rf8 Kc6 1/2-1/2

[Event "XVII OOM Podlaskie - Chlopcy"]
[Site "Suwalki"]
[Date "2011.??.??"]
[Round "8.20"]
[White "Lewtak, Dominik"]
[Black "Osinski, Emil"]
[Result "1/2-1/2"]
[WhiteElo "1750"]
[BlackElo "1672"]
[PlyCount "107"]
[EventDate "2011.??.??"]

1. e4 c6 2. d4 d5 3. Nc3 dxe4 4. Nxe4 Bf5 5. Ng3 Bg6 6. Nf3 Nd7 7. h4 h6 8. h5
Bh7 9. Bd3 Bxd3 10. Qxd3 Ngf6 11. Bf4 e6 12. O-O-O Nd5 13. Bd2 Qc7 14. Ne2
O-O-O 15. c4 N5f6 16. Kb1 Rg8 17. Nc3 Bd6 18. g3 Bb4 19. a3 Bxc3 20. Bxc3 Nc5
21. Qe3 Nce4 22. Ne5 Nxc3+ 23. Qxc3 Rgf8 24. Qe3 Nd7 25. f4 Nxe5 26. fxe5 Kb8
27. Rh4 Qe7 28. Rg4 Rg8 29. Rf1 Rdf8 30. Rgf4 Qg5 31. Qf3 Rd8 32. Rxf7 Rxd4 33.
Rxb7+ Kxb7 34. Qf7+ Kb6 35. Qxg8 Qxe5 36. c5+ Kxc5 37. Qa8 Kb6 38. Rc1 Qd6 39.
Qe8 Rd1 40. Rxd1 Qxd1+ 41. Ka2 Qd5+ 42. Ka1 Qd6 43. Qg6 Qd5 44. Qg4 a5 45. Qa4
Qxh5 46. Qd4+ Qc5 47. Qd8+ Kb5 48. Qb8+ Kc4 49. Qf4+ Qd4 50. Qf1+ Kd5 51. Qf3+
Qe4 52. Qb3+ Ke5 53. Qc3+ Qd4 54. Qxa5+ 1/2-1/2

[Event "XVII OOM Podlaskie - Chlopcy"]
[Site "Suwalki"]
[Date "2011.??.??"]
[Round "8.21"]
[White "Szymanowski, Mateusz"]
[Black "Nun, Grzegorz"]
[Result "1-0"]
[WhiteElo "1743"]
[BlackElo "1705"]
[PlyCount "171"]
[EventDate "2011.??.??"]

1. e4 c5 2. Nf3 d6 3. d4 cxd4 4. Nxd4 Nf6 5. Nc3 a6 6. f3 e6 7. Be3 Be7 8. Qd2
O-O 9. g4 b5 10. O-O-O Bb7 11. h4 b4 12. Nce2 d5 13. g5 Nfd7 14. Ng3 Nc5 15. e5
Nc6 16. f4 Qa5 17. Kb1 Nxd4 18. Bxd4 Ne4 19. Nxe4 dxe4 20. Bg2 Bd5 21. b3 Qb5
22. Rhe1 Qc6 23. Qe3 a5 24. Bxe4 Bxe4 25. Qxe4 Rfc8 26. Qxc6 Rxc6 27. Rd2 Rac8
28. Red1 R8c7 29. h5 Kf8 30. Rg1 Ke8 31. Rg3 Rd7 32. Rgd3 Rdc7 33. Kb2 Ra6 34.
Rg2 a4 35. g6 fxg6 36. hxg6 h6 37. Be3 a3+ 38. Kc1 Bf8 39. Rgd2 Be7 40. Rg2 Bf8
41. c4 Rac6 42. Bd2 Rc8 43. Kc2 Bc5 44. Be3 Be7 45. Bd2 Bc5 46. Rh3 R6c7 47.
Rhg3 Kf8 48. Rd3 Ke8 49. Be3 Be7 50. Rgd2 Bf8 51. Bb6 Rb7 52. Bd8 Be7 53. Bxe7
Kxe7 54. Rd6 Rf8 55. R2d4 Rc8 56. Ra6 Rf8 57. Rad6 Rc8 58. Kd3 h5 59. Ke3 Rh8
60. c5 Rc7 61. c6 Rhc8 62. Rc4 Rb8 63. Rcd4 Rbc8 64. Rd7+ Ke8 65. Rxc7 Rxc7 66.
Rd6 Ke7 67. Kf3 Rc8 68. Rd7+ Ke8 69. Rd6 Ke7 70. Kg3 Re8 71. c7 Rc8 72. Rc6 Kd7
73. Rd6+ Ke7 74. Rc6 Kd7 75. Rc4 Rxc7 76. Rxc7+ Kxc7 77. Kh4 Kc6 78. Kxh5 Kd5
79. Kg5 Kd4 80. f5 exf5 81. e6 Kc3 82. e7 Kb2 83. e8=Q Kxa2 84. Qa4 Kb2 85.
Qxb4 a2 86. Qd4+ 1-0

[Event "XVII OOM Podlaskie - Chlopcy"]
[Site "Suwalki"]
[Date "2011.??.??"]
[Round "8.22"]
[White "Mrozowski, Patryk"]
[Black "Buraczewski, Rafal"]
[Result "1/2-1/2"]
[WhiteElo "1676"]
[BlackElo "1631"]
[PlyCount "60"]
[EventDate "2011.??.??"]

1. e4 Nc6 2. Nf3 d6 3. d4 Bg4 4. Be2 Nf6 5. Nc3 e5 6. Be3 exd4 7. Nxd4 Bxe2 8.
Qxe2 Qd7 9. f3 a6 10. Qc4 Ne5 11. Qe2 g6 12. h3 Bg7 13. f4 Nc6 14. O-O-O O-O-O
15. Qf3 Rde8 16. Rhe1 Rhf8 17. g4 Ng8 18. f5 h6 19. Nd5 Nf6 20. Nxf6 Bxf6 21.
Nxc6 Qxc6 22. Bxh6 Rh8 23. Bd2 b5 24. Qd3 Rh7 25. Re3 Be5 26. Ree1 f6 27. Re2
Reh8 28. Rh1 Kb8 29. Re3 Rh4 30. Ree1 Ka8 1/2-1/2